000 00516nam a2200217Ia 4500
003 OSt
005 20220918231313.0
006 a|||||r|||| 00| 0
007 ta
008 220917b |||||||| |||| 00| 0 eng d
024 _a277,866
037 _cTextual
040 _aARTS
_cARTS
_beng
041 _2eng
_aeng
082 _aO5921,2M58,AD, K7
245 0 _aBarbu delavrancea
260 _c1967
300 _a381p.
_ccm.
942 _hO5921,2M58,AD, K7
_cTEXL
_2CC
999 _c290490
_d290490